000 00452nam a2200157 4500
001 116792
003 ES-MaACL
005 20230906190753.0
007 t|
008 061121s1962 sp r ||||1| spa d
100 1 _aPascual de Aguilar, Juan Antonio.
_989376
245 1 0 _aLiturgia y vida cristiana /
_cJuan Antonio Pascual de Aguilar.
260 _aMadrid :
_bStudium,
_c1962.
300 _a245 p. ;
_c19 cm.
852 _aES-MaACL
_jC-22279
_bR.50901
999 _c116792
_d116792